00221nam a2200085Ia 4500008004100000041000800041100002000049245002400069260004200093230206s9999 xx 000 0 und d aeng aMurthy E N, Ed. aAdvertising Express c2010bThe ICFAI UniversityaHyderabad